Joueur de LEC 2024 et leur equipe suivante - Statistiques

Statistiques générales
  • Ce quiz a été pris 29 fois
  • Le résultat moyen est 39 sur 60
Statistiques - réponses
Rôle Équipe Joueur Équipe suivante % Correct
TOP MADLIONS KOI Myrwn Movistar KOI
100%
JNG MADLIONS KOI Elyoya Movistar KOI
100%
BOT MADLIONS KOI SUPA Movistar KOI
100%
SUP MADLIONS KOI ALVARO Movistar KOI
100%
TOP Fnatic Oscarinin Fnatic
92%
JNG Fnatic Razork Fnatic
92%
MID Fnatic Humanoid Fnatic
92%
BOT Fnatic Noah GiantX
92%
TOP SK Gaming Irrelevant BDS
88%
MID BDS nuc BDS
88%
BOT BDS Ice BDS
88%
SUP G2 Mikyx Fnatic
88%
BOT Karmine Corp Upset Fnatic
88%
SUP BDS Labrov G2
88%
TOP G2 BrokenBlade G2
88%
MID G2 Caps G2
88%
BOT G2 Hans Sama G2
88%
SUP Fnatic Jun GiantX
88%
JNG G2 Yike Karmine Corp
88%
TOP Karmine Corp Canna Karmine Corp
88%
MID Karmine Corp Vladi Karmine Corp
88%
SUP Karmine Corp Targamas Karmine Corp
88%
BOT SK Gaming Exakick Karmine Corp Blue
88%
MID ROGUE Larssen ROGUE
88%
MID SK Gaming Nisqy Vitality
88%
BOT Vitality Carzzy Vitality
88%
MID GiantX Jackies GiantX
85%
TOP BDS Adam ROGUE
85%
JNG BDS Sheo Team Heretics
85%
SUP Vitality Hylissang Vitality
85%
BOT ROGUE Comp Gentle Mates
81%
JNG SK Gaming ISMA SK Gaming
81%
MID Vitality Vetheo Vitality Bee
81%
BOT GiantX Patrik ROGUE
77%
BOT Team Heretics Flakked Team Heretics
77%
JNG Vitality Lyncas Vitality
77%
SUP ROGUE Zoelys Galions
69%
JNG ROGUE Markoon Solary
69%
JNG Karmine Corp Closer GiantX
65%
TOP ROGUE Szygenda BKROG Esport
62%
TOP Karmine Corp Cabochard F/A
58%
JNG Karmine Corp Bo F/A
58%
MID Karmine Corp Saken F/A
58%
TOP ROGUE Finn F/A
54%
SUP GiantX IgNar F/A
50%
BOT SK Gaming Rahel SK Gaming
50%
TOP GiantX Odoamne Los Ratones
38%
TOP GiantX Th3Antonio Retired
31%
MID MADLIONS KOI Fresskowy Movistar KOI fénix
19%
JNG Vitality Daglas Vitality Bee
19%
TOP Team Heretics Wunder The Ruddy Sack
12%
JNG Team Heretics jankos The Ruddy Sack
12%
MID Team Heretics Perkz The Ruddy Sack
12%
JNG GiantX Juhan DRX Challengers
8%
SUP SK Gaming Doss SK Gaming Prime
8%
TOP Vitality Photon Besiktas Esports
4%
JNG GiantX Peach GiantX Pride
4%
SUP SK Gaming Luon Chiefs Esports Club
0%
MID Team Heretics Zwyroo Kiedys Miatem Fun
0%
SUP Team Heretics Trymbi Vico Keyd Stars
0%
Aucun quiz correspondant
Distribution des résultats
% des personnes avec chaque résultat
Percentile par nombre de réponses
Votre historique - résultats
Vous n’avez pas pris ce quiz